| 000 | 01168cam a22002771i 4500 | ||
|---|---|---|---|
| 003 | SA-RiAUC | ||
| 005 | 20250322143411.0 | ||
| 008 | 250320s2007 su a g f00010 ara c | ||
| 020 | _a9960038467 | ||
| 040 |
_aSA-MaUQU _bara _cSA-RiAUC _erda |
||
| 043 | _aa-su--- | ||
| 082 | 0 | 4 |
_a378.0710953121 _qSA-RiAUC |
| 090 |
_a378.0710953121 _b ح ا ر |
||
| 100 | 1 |
_aالحارثي، زايد عجير، _d1373 هجري- _eمؤلف. |
|
| 245 | 1 | 0 |
_aمعهد البحوث العلمية وإحياء التراث الإسلامي / _cإعداد زايد بن عجير الحارثي. |
| 250 | _aالطبعة الأولى. | ||
| 264 | 1 |
_aمكة الكرمة : _bجامعة أم القرى، _c2007 |
|
| 300 |
_a195 صفحة : _bإيضاحيات ؛ _c24 سم |
||
| 336 |
_aنص _btxt _2rdacontent _3كتاب |
||
| 337 |
_aبدون وسيط _bn _2rdamedia |
||
| 338 |
_aمجلد _bnc _2rdacarrier |
||
| 610 | 2 | 7 |
_aجامعة أم القرى. _bمركز البحوث وإحياء التراث الإسلامي _2aucnm |
| 650 | 7 |
_aالتعليم الديني الإسلامي _zالسعودية _2aucsh |
|
| 942 |
_2ddc _cBOOK _n0 |
||
| 949 |
_aSA-JeALM _d250320 _umohamedma123 _n1 |
||
| 999 |
_c6582 _d6582 |
||